000 01140nam a22002657a 4500
999 _c326658
_d326658
001 40515
003 UA-OsUOA
005 20230504161234.0
007 ta
008 20060809b un ||||| |||| 00| 0 ukr d
020 _a966-351-063-3
040 _aUA-OsUOA
_bukr
_cUA-OsUOA
_dUA-OsUOA
041 _aukr
080 _a311:330.101.52
090 _a311:330.101.52
_bБ83
100 _aБорух В. О.
245 _aЕкономічна статистика
_bнавч. пос.
_cБорух В. О., Алямкін Р. В.
260 _aК.
_bЛіра
_c2006
300 _a318 с.
520 _aУ навчальному посібнику висвітлені основні методи і способи розрахунку економічних показників у системі національних рахунків України з урахуваннями прийнятих стандартів бухгалтерського обліку.
650 7 _a330 Економіка взагалі
_2UDC
942 _cBK
_2udc
955 _a2